000 00440nam a2200145Ia 4500
008 100122s9999 xx 000 0 und d
082 _b60937
_a821
100 _aजोशी विजया
245 _aओव्यांची जादू
260 _bविजया र. जोशी
_c2001
300 _a55
630 _aओव्यांची जादू
730 _aओव्यांची जादू
942 _cBOOK
999 _c435902
_d435899